logo

MIRAGE III EN ESPAÑA EL (Record no. 57431)

MARC details
000 -CABECERA
campo de control de longitud fija 00459nam a2200181Ia 4500
001 - NÚMERO DE CONTROL
campo de control 27030
005 - FECHA Y HORA DE LA ÚLTIMA TRANSACCIÓN
campo de control 20260407085039.0
008 - CÓDIGOS DE INFORMACIÓN DE LONGITUD FIJA
campo de control de longitud fija 260115s9999 xx 000 0 und d
010 ## - NÚMERO DE CONTROL DE LA BIBLIOTECA DEL CONGRESO
Número de control de LC 57431
035 ## - NÚMERO DE CONTROL DEL SISTEMA
Número de control de sistema 17647
090 ## - LOCALMENTE ASIGNADO TIPO-LC NÚMERO DE CLASIFICACIÓN (OCLC); NÚMERO DE CLASIFICACIÓN LOCAL (RLIN)
Número de clasificación (OCLC) (R) ; Numero de clasificación CALL (RLIN) (NR) 623.746.7
100 ## - PUNTO DE ACCESO PRINCIPAL - NOMBRE DE PERSONA
Nombre de persona MAFE HUERTAS SALVADOR
245 #0 - MENCIÓN DE TÍTULO
Título MIRAGE III EN ESPAÑA EL
260 ## - PUBLICACIÓN, DISTRIBUCIÓN, ETC. (PIE DE IMPRENTA)
Nombre del editor distribuidor etc. INSTITUTO DE HISTORIA Y CULTURA AERONAUTICA
Fecha de publicación distribución etc. 1991
630 ## - PUNTO DE ACCESO ADICIONAL DE MATERIA--TÍTULO UNIFORME
Título uniforme INGENIERIA MILITAR
650 ## - PUNTO DE ACCESO ADICIONAL DE MATERIA--TÉRMINO DE MATERIA
Término de materia o nombre geográfico como elemento inicial INGENIERIA MILITAR
942 ## - ELEMENTOS DE PUNTO DE ACCESO ADICIONAL (KOHA)
Tipo de ítem Koha Monografías
Holdings
Estado de retiro Estado de pérdida Estado dañado No para préstamo Código de colección Localización permanente Ubicación/localización actual Ubicación en estantería Fecha de adquisición Enumeración/cronología de publicación seriada Número de inventario Número de registro Total de préstamos Signatura topográfica completa Código de barras Fecha visto por última vez Número de copia Precio válido a partir de Tipo de ítem Koha Nota pública
          Servicio de Estudios Históricos Servicio de Estudios Históricos   15/04/2002 623.746.7 23928 23928   17647 FH_27030 05/02/2026 2 05/02/2026 Monografías 31 X 22 CTMS. 98 PAGS. MADRID, DONACION. OTRO EJEMPLAR CON Nº REGISTRO 28284 ALTA 24/09/2013